EL PROGRAMA MEXICANO DE MAQUILADORAS: UNA RESPUESTA A LAS NECESIDADES DE LA INDUSTRIA NORTEAMERICANA/
INCLUYE BIBLIOGRAFIA
Saved in:
| Main Author: | |
|---|---|
| Format: | Book |
| Series: | NORTE Y SUR
|
| Subjects: | |
| Tags: |
No Tags, Be the first to tag this record!
|
MARC
| LEADER | 00000nam^a2200000^a^4500 | ||
|---|---|---|---|
| 001 | 000224395 | ||
| 005 | 20250521000000.0 | ||
| 009 | 20260310104048.337 | ||
| 020 | |a 968-57-0000-0 | ||
| 035 | |a 043296 | ||
| 037 | |a Acervo Xavier Clavigero | ||
| 082 | |a 338. 0972 |b ARR | ||
| 100 | |a Arriola Woog, Mario |e (autor) | ||
| 245 | 1 | 3 | |a EL PROGRAMA MEXICANO DE MAQUILADORAS: |b UNA RESPUESTA A LAS NECESIDADES DE LA INDUSTRIA NORTEAMERICANA/ |c MARIO ARRIOLA WOOG |
| 264 | |a MEXICO : |b INSTITUTO DE ESTUDIOS SOCIALES, |c 1980 | ||
| 300 | |a 134p. | ||
| 336 | |a texto |b txt |2 rdacontenido | ||
| 337 | |a sin mediación |b n |2 rdamedio | ||
| 338 | |a volumen |b nc |2 rdasoporte | ||
| 440 | |a NORTE Y SUR | ||
| 520 | |a INCLUYE BIBLIOGRAFIA | ||
| 649 | |a XX | ||
| 650 | |||
| 650 | |a Industria - |z EUA | ||
| 650 | |a Maquiladoras | ||
| 910 | |a Fondo General | ||
| 920 | |a Impresos - Libros | ||
| 930 | |a Colección General | ||
| 905 | |a 101 | ||
| 901 | |a 043296 |b IT1 |c ACC |i 043296 |u 20250521 | ||
| 902 | |a https://opac.biblio.iteso.mx/vufind/Record/000224395 | ||